Methode de francais pour la classe propedeutique (Record no. 8454)
[ view plain ]
| 000 -LEADER | |
|---|---|
| fixed length control field | 00238nam a22001097a 4500 |
| 040 ## - CATALOGING SOURCE | |
| Transcribing agency | SK |
| 082 ## - DEWEY DECIMAL CLASSIFICATION NUMBER | |
| Classification number | 448 |
| 100 ## - MAIN ENTRY--AUTHOR NAME | |
| Personal name | SOK PHEAV |
| 245 ## - TITLE STATEMENT | |
| Title | Methode de francais pour la classe propedeutique |
| 260 ## - PUBLICATION, DISTRIBUTION, ETC. (IMPRINT) | |
| Place of publication | RUA |
| Name of publisher | SOK |
| Year of publication | 2010 |
| 942 ## - ADDED ENTRY ELEMENTS (KOHA) | |
| Koha item type | ADB |
No items available.